Music Quiz

Random Music Quiz

All About: Justin Bieber Quiz Stats

 Plays Quiz not verified by Sporcle

Support Sporcle.
Go Orange.
Score 0/19 Timer 05:00
0 Plays Today
Question Answer % Correct
How old is he?(As of 3/2/11)17 years old
95.7%
True or False: Justin is a Christian,True
91.9%
Which celeb. discovered him on Youtube?Usher
91.7%
True or False: He is friends with a singing/rapping star. It is EminemFalse-It is Usher
91.4%
When is his birthday?March 1st
90.2%
What is his middle name?Drew
90.2%
What is his song that has the most views on Youtube?Baby
85.6%
Full Name(First Middle Last)Justin Drew Bieber
84.9%
What year was he born?1994
83.4%
Did Eminem write songs for Justin Bieber's next album?No
83.4%
Question Answer % Correct
What is the name of his movie?Never Say Never
83.1%
Is his movie in 3-D?Yes
82.4%
Who sang with him in Eenie Meenie?Sean Kingston
75.8%
He is friends with Wizard_____ _____.Selena Gomez
54.7%
Who did he play on CSI?Jason McCann
48.9%
Where was he born?London, Ontario
46.9%
His video is the most viewed and most ___ liked on YouTube.Disliked
31.2%
What song did he sing for President Barack and Michelle Obama on December 20, 2009?Someday at Christmas by Stevie Wonder
21.7%
British Singer ____ ____ is writing songs for Bieber's next album.Taio Cruz
8.8%

You're not logged in!

Compare scores with friends on all Sporcle quizzes.
OR
Log In

From the Vault

All or Nothing

by Matt

We hope the theme of this quiz isn't foreshadowing how well you do on it.
Remove Ads.
Support Sporcle.
Get the best of Sporcle when you Go Orange. This ad-free experience offers more features, more stats, and more fun while also helping to support Sporcle. Thank you for becoming a member.

Show Comments

Extras

Created Mar 4, 2011ReportNominate
Tags:Bieber, justin, Justin Bieber

Top Quizzes Today


Score Distribution

Your Account Isn't Verified!

In order to create a playlist on Sporcle, you need to verify the email address you used during registration. Go to your Sporcle Settings to finish the process.

Report this User

Report this user for behavior that violates our Community Guidelines.

Details: